[Event "Elite de Chambly"]
[Site "Chambly CAN"]
[Date "2025.05.14"]
[Round "3.9"]
[White "Taylor, Paul"]
[Black "Vallee, Genevieve"]
[Result "0-1"]
[WhiteElo "1392"]
[BlackElo "1260"]
[WhiteFideId "-1"]
[WhiteFideId "-1"]
[PlyCount "88"]
[GameId "2191150457161413"]
[EventDate "2025.04.30"]
[EventType "swiss"]
[EventRounds "7"]
[EventCountry "CAN"]

1. e4 e5 2. d4 Qe7 3. c3 d6 4. Bc4 exd4 5. Qxd4 Nc6 6. Bb5 Bd7 7. Qe3 Nf6 8. f3 h6 9. Na3 a6 10. Ba4 g5 11. Nc2 g4 12. Nd4 Ne5 13. Bxd7+ Qxd7 14. f4 Ng6 15. g3 h5 16. e5 dxe5 17. fxe5 Nd5 18. e6 fxe6 19. Qxe6+ Qxe6+ 20. Nxe6 Ne5 21. Kd2 Kf7 22. Nd4 Rd8 23. Kc2 Bg7 24. Nge2 Rhe8 25. Rf1+ Kg6 26. Rf5 Bh6 27. Nf4+ Nxf4 28. Bxf4 Bxf4 29. Rxf4 c5 30. Nb3 b6 31. Rf2 a5 32. a4 Nf3 33. Rd1 Ne1+ 34. Rxe1 Rxe1 35. Nc1 Rdd1 36. Nd3 Rf1 37. Rf4 Ra1 38. Kb3 Rxf4 39. Nxf4+ Kf5 40. Nxh5 Rh1 41. Kc4 Rxh2 42. b3 Rxh5 43. Kb5 Rh3 44. Kxb6 Rxg3 0-1

[Event "Elite de Chambly"]
[Site "Chambly CAN"]
[Date "2025.05.14"]
[Round "3.10"]
[White "St-Laurent, Luc"]
[Black "Morasse, Daniel"]
[Result "1-0"]
[WhiteElo "1332"]
[BlackElo "1392"]
[WhiteFideId "-1"]
[WhiteFideId "-1"]
[PlyCount "49"]
[GameId "2191150457161414"]
[EventDate "2025.04.30"]
[EventType "swiss"]
[EventRounds "7"]
[EventCountry "CAN"]

1. d4 d5 2. Nf3 Nf6 3. g3 e6 4. Bg2 c5 5. O-O Nc6 6. c4 cxd4 7. Nxd4 Be7 8. cxd5 exd5 9. Nc3 Nxd4 10. Qxd4 Be6 11. Rd1 Qd7 12. Nxd5 O-O 13. Nxf6+ Bxf6 14. Qxd7 Rad8 15. Qxd8 Bxd8 16. Be3 b6 17. b3 Bf6 18. Rac1 Re8 19. Rc7 h5 20. h4 Bg4 21. Rdd7 Bxd7 22. Rxd7 a5 23. Kf1 b5 24. Ra7 Rd8 25. Ra8 1-0

[Event "Elite de Chambly"]
[Site "Chambly CAN"]
[Date "2025.05.14"]
[Round "3.11"]
[White "Pincince, Jacques"]
[Black "Laplante, Germain"]
[Result "1-0"]
[WhiteElo "1388"]
[BlackElo "1193"]
[WhiteFideId "-1"]
[WhiteFideId "-1"]
[PlyCount "77"]
[GameId "2191150457161415"]
[EventDate "2025.04.30"]
[EventType "swiss"]
[EventRounds "7"]
[EventCountry "CAN"]

1. e4 c6 2. g3 d5 3. Bg2 dxe4 4. Bxe4 Nf6 5. Bg2 Bf5 6. d3 h6 7. Nf3 e6 8. O-O Bd6 9. Nbd2 O-O 10. Nc4 Bc7 11. Ne3 Bh7 12. b3 Na6 13. a3 Nc5 14. Bb2 Nd5 15. Ng4 Nb6 16. Qd2 Nxd3 17. Bxg7 Kxg7 18. Qxh6+ Kh8 19. Ng5 Qxg5 20. Qxg5 Bd8 21. Qh6 Rg8 22. Nf6 Rg7 23. cxd3 Bxf6 24. Qxf6 Bxd3 25. Qh4+ Bh7 26. Rad1 Nd5 27. Bxd5 cxd5 28. Rc1 b6 29. Rc7 Kg8 30. Rfc1 Rg6 31. Qd4 f6 32. Qa4 Rg5 33. Rc8+ Rxc8 34. Rxc8+ Kg7 35. Qh4 Bf5 36. Qh8+ Kg6 37. Rg8+ Kf7 38. Rf8+ Ke7 39. Qxf6+ 1-0

[Event "Elite de Chambly"]
[Site "Chambly CAN"]
[Date "2025.05.14"]
[Round "3.12"]
[White "Bonin, Francis"]
[Black "Legault, Jean-Philippe"]
[Result "0-1"]
[WhiteElo "1306"]
[BlackElo "1380"]
[WhiteFideId "-1"]
[WhiteFideId "-1"]
[PlyCount "84"]
[GameId "2191150457161416"]
[EventDate "2025.04.30"]
[EventType "swiss"]
[EventRounds "7"]
[EventCountry "CAN"]

1. e4 c6 2. d4 d5 3. e5 c5 4. c3 Nc6 5. Nf3 cxd4 6. cxd4 Bg4 7. Be2 e6 8. O-O Nge7 9. h3 Bxf3 10. Bxf3 Nf5 11. Be3 Be7 12. Nc3 O-O 13. Qd3 Bg5 14. Nxd5 Bxe3 15. Nxe3 Nxe5 16. Qe4 Nxf3+ 17. gxf3 Nxd4 18. Rad1 Qg5+ 19. Kh1 Nc6 20. Rg1 Qf6 21. Ng4 Qxb2 22. Rb1 Qd4 23. Qc2 Qf4 24. Rg3 Nd4 25. Qd3 h5 26. Nh2 Rfd8 27. Qc4 Rac8 28. Qb4 Rc1+ 29. Kg2 Rxb1 30. Qxb1 Nf5 31. Nf1 Nxg3 32. Nxg3 h4 33. Ne2 Qg5+ 34. Kh1 Qd2 35. Qe4 Rd5 36. Nf4 Rg5 37. Ng2 Qxf2 38. f4 Rg3 39. Kh2 Qxa2 40. Qxb7 Qxg2+ 41. Qxg2 Rxg2+ 42. Kxg2 a5 0-1

[Event "Elite de Chambly"]
[Site "Chambly CAN"]
[Date "2025.05.14"]
[Round "3.13"]
[White "Doyon, Martin"]
[Black "Lemieux, Serge"]
[Result "0-1"]
[WhiteElo "1291"]
[BlackElo "1368"]
[WhiteFideId "-1"]
[WhiteFideId "-1"]
[PlyCount "138"]
[GameId "2191150457161417"]
[EventDate "2025.04.30"]
[EventType "swiss"]
[EventRounds "7"]
[EventCountry "CAN"]

1. e4 e6 2. d4 d5 3. Be3 dxe4 4. f3 Nf6 5. fxe4 Nxe4 6. Bd3 Nf6 7. Nf3 Nc6 8. c3 Be7 9. O-O Nd5 10. Bf2 b6 11. Nbd2 Bb7 12. Bg3 Nf6 13. Bb5 O-O 14. Qe2 a6 15. Bd3 h6 16. Rae1 b5 17. Ne5 Nxe5 18. Bxe5 Nd5 19. Be4 f5 20. Bc2 Bf6 21. Nf3 Bxe5 22. Nxe5 Rf6 23. Qh5 Qe8 24. Qh4 g5 25. Qh3 Nf4 26. Rxf4 gxf4 27. Bd1 Qe7 28. Bh5 Qg7 29. Rf1 f3 30. Bxf3 Bxf3 31. Rxf3 Kh7 32. Rg3 Qe7 33. Qh5 Rg8 34. Rxg8 Kxg8 35. Qh4 Qg7 36. Nd7 Rf7 37. Qd8+ Kh7 38. Ne5 Rf8 39. Qh4 Rg8 40. g3 Qg5 41. Qxg5 hxg5 42. Kg2 Kg7 43. h3 Kf6 44. Nd7+ Ke7 45. Nc5 f4 46. Nxa6 Ra8 47. Nb4 fxg3 48. Kxg3 Kd6 49. a3 Rf8 50. Kg2 Rf4 51. Nd3 Rh4 52. Ne5 Rf4 53. Nf3 g4 54. hxg4 Rxg4+ 55. Kf2 Kd5 56. Ne5 Rh4 57. Kg2 Re4 58. Kf2 c5 59. Nd7 Rf4+ 60. Ke2 cxd4 61. cxd4 Kxd4 62. Nb6 Rh4 63. Kd2 e5 64. Nd7 Rh2+ 65. Kc1 e4 66. Nf6 Kd3 67. Kb1 e3 68. Ng4 Rh1+ 69. Ka2 e2 0-1

[Event "Elite de Chambly"]
[Site "Chambly CAN"]
[Date "2025.05.14"]
[Round "3.15"]
[White "Matmati, Jed"]
[Black "Monette, Andre"]
[Result "0-1"]
[WhiteElo "870"]
[BlackElo "1133"]
[WhiteFideId "-1"]
[WhiteFideId "-1"]
[PlyCount "48"]
[GameId "2191150457161418"]
[EventDate "2025.04.30"]
[EventType "swiss"]
[EventRounds "7"]
[EventCountry "CAN"]

1. e4 e5 2. c3 d6 3. Qa4+ Bd7 4. Qa5 Nc6 5. Qd5 Nf6 6. Qb3 Nxe4 7. d3 Nc5 8. Qb5 Ne6 9. Qxb7 Rb8 10. Qa6 Bc8 11. Qc4 Bb7 12. Qd5 Ncd4 13. Qa5 Nc2+ 14. Ke2 c5 15. Qxa7 Qc7 16. Qa4+ Qc6 17. Qxc2 e4 18. dxe4 Be7 19. Na3 Ba6+ 20. Qd3 Qxe4+ 21. Kd1 Bxd3 22. Bxd3 Qxd3+ 23. Bd2 Bg5 24. Nc2 Qxd2# 0-1

[Event "Elite de Chambly"]
[Site "Chambly CAN"]
[Date "2025.05.14"]
[Round "3.17"]
[White "Tarte, Ariste"]
[Black "Cote, Liam"]
[Result "1-0"]
[WhiteElo "1156"]
[BlackElo "950"]
[WhiteFideId "-1"]
[WhiteFideId "-1"]
[PlyCount "61"]
[GameId "2191150457161419"]
[EventDate "2025.04.30"]
[EventType "swiss"]
[EventRounds "7"]
[EventCountry "CAN"]

1. d4 Nf6 2. Nc3 d6 3. e4 Bg4 4. f3 Bh5 5. Bc4 a6 6. Nge2 b5 7. Bd3 Nc6 8. O-O e5 9. d5 Qd7 10. dxc6 Qxc6 11. Ng3 g6 12. Nxh5 gxh5 13. Nd5 Qc5+ 14. Be3 Qc6 15. Nxf6+ Ke7 16. Nxh5 h6 17. Ng3 h5 18. Rc1 Bh6 19. Nf5+ Kf6 20. Nxh6 Kg6 21. Nf5 Rhf8 22. Ne7+ Kf6 23. Nxc6 Rg8 24. f4 exf4 25. Rxf4+ Kg6 26. e5+ f5 27. Bxf5+ Kg5 28. Be6 Rg6 29. Rf6+ Kh4 30. Rxg6 dxe5 31. Bf2# 1-0

[Event "Elite de Chambly"]
[Site "Chambly CAN"]
[Date "2025.05.21"]
[Round "4.1"]
[White "Tse, Chun Wing"]
[Black "Mok, Yuen Tak"]
[Result "1/2-1/2"]
[WhiteElo "1671"]
[BlackElo "2100"]
[WhiteFideId "-1"]
[WhiteFideId "-1"]
[PlyCount "155"]
[GameId "2191150457161421"]
[EventDate "2025.04.30"]
[EventType "swiss"]
[EventRounds "7"]
[EventCountry "CAN"]

1. d4 d5 2. c4 c6 3. Nf3 Nf6 4. Qb3 dxc4 5. Qxc4 Bf5 6. g3 e6 7. Bg2 Be7 8. O-O O-O 9. b3 Nbd7 10. Ba3 Nb6 11. Bxe7 Qxe7 12. Qc5 Qxc5 13. dxc5 Nbd7 14. Rc1 Ne4 15. Nh4 Nexc5 16. Nxf5 exf5 17. Nd2 Rfe8 18. Kf1 Ne4 19. Nc4 Re6 20. Rd1 Ndf6 21. Rac1 Nd5 22. a3 Rae8 23. e3 g6 24. g4 R8e7 25. gxf5 gxf5 26. Rd4 Rh6 27. h3 Nc7 28. Rcd1 Nd5 29. f3 Nec3 30. R1d3 b5 31. e4 bxc4 32. Rxc4 fxe4 33. fxe4 Rf6+ 34. Kg1 Ne2+ 35. Kh2 Ndf4 36. Rf3 Nh5 37. Rxf6 Nxf6 38. e5 Rxe5 39. Rxc6 Kg7 40. Ra6 Re7 41. b4 Nf4 42. Bf3 Nd3 43. b5 Ne5 44. Bg2 Nc4 45. Bf1 Ne5 46. a4 Nd5 47. Bg2 Nf4 48. Bf1 Ne6 49. a5 Nc5 50. Rd6 Rd7 51. Rxd7 Nexd7 52. Bg2 Kf6 53. Kg3 Ke5 54. h4 Kd6 55. Kf4 Nb3 56. b6 a6 57. Kg5 Nxa5 58. Kh6 Nxb6 59. Kxh7 Nd7 60. Bf1 Nc6 61. Bxa6 Nde5 62. h5 Ne7 63. Kg7 Ng4 64. Kxf7 Nf5 65. Bc8 Ne5+ 66. Kf6 Ne7 67. Bh3 Nd5+ 68. Kg7 Ke7 69. h6 Nf6 70. Bf5 Nh5+ 71. Kg8 Nf7 72. Bg6 Nf6+ 73. Kg7 Ne8+ 74. Kg8 Nf6+ 75. Kg7 Ng5 76. h7 Ne6+ 77. Kh6 Nxh7 78. Bxh7 1/2-1/2

[Event "Elite de Chambly"]
[Site "Chambly CAN"]
[Date "2025.05.21"]
[Round "4.2"]
[White "Kerhuel-Lefebvre, Stephane"]
[Black "Longpre, Martin"]
[Result "0-1"]
[WhiteElo "1665"]
[BlackElo "1582"]
[WhiteFideId "-1"]
[WhiteFideId "-1"]
[PlyCount "72"]
[GameId "2191150457161422"]
[EventDate "2025.04.30"]
[EventType "swiss"]
[EventRounds "7"]
[EventCountry "CAN"]

1. d4 d5 2. Nf3 Nf6 3. g3 Bf5 4. Bg2 e6 5. O-O h6 6. c3 Bd6 7. Nbd2 O-O 8. Qb3 b6 9. c4 c6 10. Re1 Nbd7 11. Nh4 Bh7 12. f3 Rc8 13. e4 dxc4 14. Nxc4 Be7 15. f4 c5 16. f5 cxd4 17. fxe6 fxe6 18. e5 Nc5 19. exf6 Nxb3 20. fxe7 Qxe7 21. axb3 Rc5 22. Bf4 Rxc4 23. bxc4 g5 24. Rxe6 Qxe6 25. Bd5 Qxd5 26. cxd5 gxf4 27. gxf4 Rxf4 28. Ng2 Rf7 29. Rd1 d3 30. Ne3 Rd7 31. Kf2 Be4 32. Ng4 Rd6 33. Rg1 Kh7 34. Rd1 h5 35. Ne3 Rf6+ 36. Kg3 Rf3+ 0-1

[Event "Elite de Chambly"]
[Site "Chambly CAN"]
[Date "2025.05.21"]
[Round "4.3"]
[White "Cossette, Richard"]
[Black "Cournoyer, Raphael"]
[Result "0-1"]
[WhiteElo "1790"]
[BlackElo "1776"]
[WhiteFideId "-1"]
[WhiteFideId "-1"]
[PlyCount "150"]
[GameId "2191150457161423"]
[EventDate "2025.04.30"]
[EventType "swiss"]
[EventRounds "7"]
[EventCountry "CAN"]

1. e4 c6 2. Ne2 d5 3. e5 e6 4. d4 Ne7 5. Ng3 Ng6 6. Bd3 c5 7. c3 Qb6 8. O-O Nc6 9. Ne2 Bd7 10. b3 cxd4 11. cxd4 Nxd4 12. Be3 Nxe2+ 13. Qxe2 Bc5 14. Bd2 Bd4 15. Bc3 Nxe5 16. Rd1 Bxc3 17. Nxc3 Nxd3 18. Qxd3 O-O 19. Rac1 Bc6 20. Qg3 Rfe8 21. Re1 Rad8 22. h4 d4 23. Ne4 Bxe4 24. Rxe4 Qd6 25. Qd3 Rc8 26. Rce1 Red8 27. Rd1 e5 28. Qg3 f6 29. Rg4 Qe7 30. h5 Rc3 31. Qh4 Rdc8 32. Kh2 Qf7 33. f4 exf4 34. Rxf4 R3c5 35. Rfxd4 Qc7+ 36. Kh3 Qa5 37. b4 Rc3+ 38. g3 Qf5+ 39. Qg4 Qxg4+ 40. Kxg4 R3c4 41. Kf5 Rxd4 42. Rxd4 Re8 43. g4 Kf7 44. Rd5 g6+ 45. hxg6+ hxg6+ 46. Kf4 Re2 47. a4 b6 48. Rd7+ Re7 49. Rd5 Rc7 50. Rd4 Ke6 51. Re4+ Kd5 52. Re8 Rc4+ 53. Kg3 Rxb4 54. Rf8 Ke6 55. a5 Ra4 56. axb6 axb6 57. Rb8 Rb4 58. Re8+ Kf7 59. Rc8 g5 60. Kf3 Ke6 61. Re8+ Kd5 62. Rc8 b5 63. Rc7 Rb3+ 64. Kg2 b4 65. Rb7 Ke4 66. Rb5 Kf4 67. Rf5+ Kxg4 68. Rxf6 Rb2+ 69. Kf1 Kg3 70. Rf5 g4 71. Rf7 b3 72. Rf6 Rh2 73. Rb6 b2 74. Kg1 Rc2 75. Rb3+ Kh4 0-1

[Event "Elite de Chambly"]
[Site "Chambly CAN"]
[Date "2025.05.21"]
[Round "4.4"]
[White "Cousineau, Francois"]
[Black "St-Laurent, Luc"]
[Result "1-0"]
[WhiteElo "1761"]
[BlackElo "1332"]
[WhiteFideId "-1"]
[WhiteFideId "-1"]
[PlyCount "119"]
[GameId "2191150457161424"]
[EventDate "2025.04.30"]
[EventType "swiss"]
[EventRounds "7"]
[EventCountry "CAN"]

1. e4 c5 2. Nf3 d6 3. d4 cxd4 4. Nxd4 Nf6 5. Nc3 a6 6. h3 e5 7. Nde2 h5 8. Bg5 Be6 9. Bxf6 Qxf6 10. Nd5 Qd8 11. Nec3 g6 12. Bc4 Bh6 13. O-O O-O 14. Ne2 Bxd5 15. Bxd5 Nc6 16. c3 Qf6 17. Qd3 Rac8 18. Rad1 b5 19. a4 Ne7 20. Bb3 Rb8 21. Rb1 Rfd8 22. axb5 axb5 23. Rfd1 Nc6 24. Bd5 Ne7 25. Ra1 Nxd5 26. Qxd5 Rb6 27. b4 Qe7 28. Ra5 Qd7 29. Rda1 Rdb8 30. Kf1 Qe6 31. Rd1 Qxd5 32. Rxd5 Bf8 33. Nc1 Be7 34. Ke2 Kf8 35. Kd3 Ke8 36. Nb3 Kd7 37. Ra7+ Ke8 38. Ra2 Kd7 39. Ra7+ Ke6 40. g3 g5 41. Ra5 f5 42. Nd2 f4 43. Ke2 h4 44. gxh4 gxh4 45. Kf3 Kd7 46. Nb1 Kc6 47. Na3 Bd8 48. Nc2 Be7 49. Ra1 Rg8 50. Ra7 Re8 51. Na1 Bd8 52. Rg7 Re6 53. Nb3 Re7 54. Rg8 Bc7 55. Rd1 Rh7 56. Rdg1 Rb8 57. R8g6 Rd8 58. Ra1 Kb6 59. Nc5 Rhh8 60. Ra6# 1-0

[Event "Elite de Chambly"]
[Site "Chambly CAN"]
[Date "2025.05.21"]
[Round "4.5"]
[White "Legault, Jean-Philippe"]
[Black "Bedard, Michel"]
[Result "1-0"]
[WhiteElo "1380"]
[BlackElo "1465"]
[WhiteFideId "-1"]
[WhiteFideId "-1"]
[PlyCount "97"]
[GameId "2191150457161425"]
[EventDate "2025.04.30"]
[EventType "swiss"]
[EventRounds "7"]
[EventCountry "CAN"]

1. d4 d5 2. Nf3 Nf6 3. c4 c6 4. Nc3 a6 5. g3 dxc4 6. e4 b5 7. Bg2 e6 8. O-O Be7 9. Qc2 Bb7 10. Bf4 O-O 11. Rad1 Nh5 12. Bc1 Qc7 13. e5 g6 14. Bh6 Rd8 15. h4 Nd7 16. g4 Ng7 17. Ne4 Ne8 18. g5 Nb6 19. Nf6+ Kh8 20. h5 Nd5 21. hxg6 fxg6 22. Nh4 Nf4 23. Qe4 Bxf6 24. gxf6 Nxg2 25. Qxg2 c5 26. Qh3 Qf7 27. dxc5 Rac8 28. Nf3 Bxf3 29. Qxf3 Rxd1 30. Rxd1 Rxc5 31. Rd8 Rd5 32. Rxd5 exd5 33. Qe3 Kg8 34. Qb6 Qd7 35. e6 Qc7 36. f7+ Qxf7 37. exf7+ Kxf7 38. Qxa6 b4 39. Qb7+ Ke6 40. Qxb4 Nd6 41. Bf8 Ne4 42. Qe1 Kf5 43. Kg2 d4 44. Qb4 d3 45. Qxc4 d2 46. Qd5+ Kf6 47. Bh6 g5 48. Bxg5+ Kg6 49. Bxd2 1-0

[Event "Elite de Chambly"]
[Site "Chambly CAN"]
[Date "2025.05.21"]
[Round "4.6"]
[White "Lemieux, Serge"]
[Black "Pincince, Jacques"]
[Result "1/2-1/2"]
[WhiteElo "1368"]
[BlackElo "1388"]
[WhiteFideId "-1"]
[WhiteFideId "-1"]
[PlyCount "131"]
[GameId "2191150457210578"]
[EventDate "2025.04.30"]
[EventType "swiss"]
[EventRounds "7"]
[EventCountry "CAN"]

1. d4 d5 2. c4 e6 3. Nf3 Bb4+ 4. Bd2 Bxd2+ 5. Nbxd2 Nf6 6. Ne5 O-O 7. e3 Nbd7 8. Bd3 Nxe5 9. dxe5 Nd7 10. O-O Nxe5 11. Bxh7+ Kxh7 12. Qh5+ Kg8 13. Qxe5 f6 14. Qc3 c6 15. f4 Bd7 16. Rf3 Qe7 17. Rg3 Be8 18. Nf3 Bh5 19. Nd4 c5 20. Nb3 b6 21. Rc1 Rad8 22. Re1 Qf7 23. Nd2 Rd7 24. cxd5 exd5 25. Qc2 f5 26. Rg5 d4 27. h3 d3 28. Qc3 Be2 29. b3 Qe6 30. Rg3 Rf6 31. Kf2 Rg6 32. Rxg6 Qxg6 33. Qc4+ Kh8 34. Qa6 Qf6 35. g3 Re7 36. Qc4 Qc6 37. Rg1 b5 38. Qc3 Kg8 39. g4 Qe6 40. Qxc5 fxg4 41. hxg4 Bxg4 42. Rg3 Bf5 43. Qxb5 Kf7 44. Qc4 Qxc4 45. Nxc4 Be6 46. Ne5+ Kg8 47. Nxd3 Rc7 48. Ne1 Rc1 49. e4 Ra1 50. f5 Rxa2+ 51. Ke3 Bf7 52. Kf4 Ra3 53. b4 Ra4 54. Nc2 Be8 55. f6 g6 56. e5 Kf7 57. Ra3 a5 58. Rxa4 Bxa4 59. Nd4 axb4 60. Kg5 Bd7 61. e6+ Bxe6 62. Nxe6 Kxe6 63. Kxg6 b3 64. Kg7 b2 65. f7 b1=Q 66. f8=Q 1/2-1/2

[Event "Elite de Chambly"]
[Site "Chambly CAN"]
[Date "2025.05.21"]
[Round "4.7"]
[White "Despres, Alain"]
[Black "Vallee, Genevieve"]
[Result "1-0"]
[WhiteElo "1440"]
[BlackElo "1260"]
[WhiteFideId "-1"]
[WhiteFideId "-1"]
[PlyCount "83"]
[GameId "2191150457210579"]
[EventDate "2025.04.30"]
[EventType "swiss"]
[EventRounds "7"]
[EventCountry "CAN"]

1. d4 d5 2. Nf3 Nf6 3. e3 Bg4 4. Be2 e6 5. Nbd2 Bd6 6. h3 Bh5 7. O-O O-O 8. b3 c6 9. Bb2 Qc7 10. Ne5 Bxe2 11. Qxe2 Nbd7 12. f4 c5 13. Nxd7 Nxd7 14. c4 Rfe8 15. g4 Re7 16. g5 Rae8 17. Qg2 g6 18. h4 f6 19. h5 e5 20. gxf6 Nxf6 21. fxe5 Nxh5 22. Qxd5+ Re6 23. exd6 Qxd6 24. Qxd6 Rxd6 25. Rf3 g5 26. Raf1 g4 27. Rf5 Ng3 28. Rg5+ Rg6 29. Rxg6+ hxg6 30. Rf6 Rxe3 31. Rxg6+ Kf7 32. Rxg4 cxd4 33. Rf4+ Kg6 34. Rf2 d3 35. Rg2 Kf5 36. Bc3 Kf4 37. Rf2+ Kg4 38. Kg2 Ne2 39. Bb4 Rg3+ 40. Kh2 Nf4 41. Rxf4+ Kxf4 42. Bd6+ 1-0

[Event "Elite de Chambly"]
[Site "Chambly CAN"]
[Date "2025.05.21"]
[Round "4.8"]
[White "Evenko, Kirill"]
[Black "Milette, Patrick"]
[Result "1/2-1/2"]
[WhiteElo "1194"]
[BlackElo "1665"]
[WhiteFideId "-1"]
[WhiteFideId "-1"]
[PlyCount "45"]
[GameId "2191150457210580"]
[EventDate "2025.04.30"]
[EventType "swiss"]
[EventRounds "7"]
[EventCountry "CAN"]

1. c4 Nf6 2. d4 c5 3. Nf3 g6 4. g3 Bg7 5. Bg2 O-O 6. O-O d6 7. Nc3 Nbd7 8. Bf4 cxd4 9. Nd5 Nxd5 10. cxd5 Qb6 11. Qd2 Ne5 12. Rac1 Nxf3+ 13. Bxf3 Bh3 14. Rfd1 Rac8 15. b3 Rc3 16. Bh6 Rfc8 17. Bxg7 Kxg7 18. Rxc3 Rxc3 19. Bg2 Bxg2 20. Kxg2 Qc5 21. Qxd4+ Qxd4 22. Rxd4 Rc2 23. Ra4 1/2-1/2

[Event "Elite de Chambly"]
[Site "Chambly CAN"]
[Date "2025.05.21"]
[Round "4.10"]
[White "Poulin, Emile"]
[Black "Dubreuil, Raymond"]
[Result "1-0"]
[WhiteElo "1461"]
[BlackElo "1464"]
[WhiteFideId "-1"]
[WhiteFideId "-1"]
[PlyCount "107"]
[GameId "2191150457214678"]
[EventDate "2025.04.30"]
[EventType "swiss"]
[EventRounds "7"]
[EventCountry "CAN"]

1. d4 Nf6 2. c4 d5 3. Nc3 c6 4. e3 g6 5. Bd3 Bg7 6. Nge2 O-O 7. Qb3 a5 8. Bd2 Na6 9. Rc1 Nb4 10. Bb1 dxc4 11. Qxc4 b5 12. Qb3 Be6 13. Qd1 Bc4 14. O-O Nd3 15. Bxd3 Bxd3 16. Be1 Bc4 17. b3 Be6 18. Nf4 Bg4 19. f3 Bd7 20. Bf2 Re8 21. Nd3 Bc8 22. Ne2 Bb7 23. Ne5 Rc8 24. b4 axb4 25. Qb3 e6 26. e4 Qe7 27. Nd3 Bf8 28. Nc5 Ba8 29. Rfd1 Nd7 30. Bg3 e5 31. Nxd7 Qxd7 32. dxe5 Qe6 33. Qe3 c5 34. Nf4 Qxa2 35. e6 fxe6 36. Ra1 Qb2 37. Kh1 c4 38. Qb6 Bc6 39. h4 Qg7 40. Ra7 Qf6 41. Rc7 Rxc7 42. Qxc7 e5 43. Nd5 Bxd5 44. Rxd5 Qe7 45. Rd7 Qc5 46. Qb7 Re7 47. h5 Rxd7 48. Qxd7 Qd6 49. Qxb5 gxh5 50. Qxc4+ Kh8 51. Qb5 Kg8 52. Bxe5 Qc5 53. Qe8 h4 54. Qe6# 1-0

[Event "Elite de Chambly"]
[Site "Chambly CAN"]
[Date "2025.05.21"]
[Round "4.11"]
[White "De Guise, Ronald"]
[Black "Taylor, Paul"]
[Result "1/2-1/2"]
[WhiteElo "1313"]
[BlackElo "1392"]
[WhiteFideId "-1"]
[WhiteFideId "-1"]
[PlyCount "134"]
[GameId "2191150457218775"]
[EventDate "2025.04.30"]
[EventType "swiss"]
[EventRounds "7"]
[EventCountry "CAN"]

1. e4 Nc6 2. Nf3 Nf6 3. Nc3 e5 4. d4 exd4 5. Nxd4 Bb4 6. Bg5 h6 7. Nxc6 Bxc3+ 8. bxc3 bxc6 9. Bxf6 Qxf6 10. Qd4 Qg6 11. Rd1 O-O 12. g3 Re8 13. Bg2 d5 14. f3 Ba6 15. Kf2 Bc4 16. Rhe1 Bxa2 17. Rd3 Bc4 18. Rde3 a5 19. Bf1 Bxf1 20. Kxf1 a4 21. R3e2 a3 22. c4 dxc4 23. Qxc4 Reb8 24. c3 Rb2 25. Rxb2 axb2 26. Qb3 Qh5 27. Qxb2 Qxf3+ 28. Kg1 Re8 29. Qc2 Re5 30. c4 f5 31. Qf2 Qxf2+ 32. Kxf2 fxe4 33. Ke3 Kf7 34. Kd4 Ke6 35. Rxe4 Rxe4+ 36. Kxe4 c5 37. h3 c6 38. h4 Kf6 39. Kf4 Ke6 40. Kg4 Ke5 41. Kh5 Kd4 42. Kg6 Kxc4 43. Kxg7 Kd4 44. g4 c4 45. g5 hxg5 46. h5 c3 47. h6 c2 48. h7 c1=Q 49. h8=Q Qe3 50. Kg6+ Qe5 51. Qd8+ Qd5 52. Qb6+ c5 53. Qb2+ Ke3 54. Qc1+ Ke2 55. Qb2+ Qd2 56. Qe5+ Qe3 57. Qb2+ Kf3 58. Qf6+ Qf4 59. Qc3+ Qe3 60. Qf6+ Kg4 61. Qf5+ Kh4 62. Qd5 Qe8+ 63. Kf5 Qc8+ 64. Kf6 Qf8+ 65. Kg6 Qe8+ 66. Kf5 Qf8+ 67. Kg6 Qe8+ 1/2-1/2

[Event "Elite de Chambly"]
[Site "Chambly CAN"]
[Date "2025.05.21"]
[Round "4.12"]
[White "Laplante, Germain"]
[Black "Bonin, Francis"]
[Result "1-0"]
[WhiteElo "1193"]
[BlackElo "1306"]
[WhiteFideId "-1"]
[WhiteFideId "-1"]
[PlyCount "49"]
[GameId "2191150457218776"]
[EventDate "2025.04.30"]
[EventType "swiss"]
[EventRounds "7"]
[EventCountry "CAN"]

1. d4 d5 2. Bf4 Nc6 3. h3 Bf5 4. c3 e6 5. Nf3 Bd6 6. Ne5 Nge7 7. e3 O-O 8. Bd3 f6 9. Bxf5 exf5 10. Nxc6 bxc6 11. Bxd6 Qxd6 12. O-O c5 13. Qc2 c4 14. Nd2 Ng6 15. Qxf5 Rfe8 16. Rfe1 Ne7 17. Qg4 f5 18. Qf3 c6 19. Re2 Rf8 20. Rae1 Ng6 21. Qg3 f4 22. exf4 Nxf4 23. Re6 Qd7 24. Re7 Qf5 25. Qxg7# 1-0

[Event "Elite de Chambly"]
[Site "Chambly CAN"]
[Date "2025.05.21"]
[Round "4.13"]
[White "Hebert, Sebastien"]
[Black "Tarte, Ariste"]
[Result "1-0"]
[WhiteElo "1298"]
[BlackElo "1156"]
[WhiteFideId "-1"]
[WhiteFideId "-1"]
[PlyCount "73"]
[GameId "2191150457222873"]
[EventDate "2025.04.30"]
[EventType "swiss"]
[EventRounds "7"]
[EventCountry "CAN"]

1. e4 c6 2. d4 d5 3. f3 dxe4 4. fxe4 e6 5. Nc3 Be7 6. Nf3 Nf6 7. Bd2 O-O 8. Qe2 Na6 9. O-O-O Nb4 10. a3 Na6 11. Bg5 Re8 12. e5 Nd5 13. Bxe7 Qxe7 14. Nxd5 cxd5 15. h4 Bd7 16. Qd3 Rac8 17. Ng5 g6 18. Nf3 Ba4 19. Rd2 Rc6 20. g4 f6 21. exf6 Qxf6 22. Ne5 Rb6 23. Nf3 Bb5 24. Qe3 e5 25. Bxb5 Rxb5 26. Nxe5 Qb6 27. c3 Nc7 28. Rf1 Qe6 29. Qh6 Qe7 30. Rf7 Qxf7 31. Nxf7 Kxf7 32. Qxh7+ Kf6 33. Qxc7 Re1+ 34. Kc2 Rf1 35. Qd8+ Ke6 36. Re2+ Kf7 37. Qd7+ 1-0

[Event "Elite de Chambly"]
[Site "Chambly CAN"]
[Date "2025.05.21"]
[Round "4.14"]
[White "Doyon, Martin"]
[Black "Raymond, Pierre"]
[Result "1-0"]
[WhiteElo "1291"]
[BlackElo "1108"]
[WhiteFideId "-1"]
[WhiteFideId "-1"]
[PlyCount "55"]
[GameId "2191150457222874"]
[EventDate "2025.04.30"]
[EventType "swiss"]
[EventRounds "7"]
[EventCountry "CAN"]

1. e4 c5 2. Nf3 Nc6 3. d4 cxd4 4. Nxd4 e6 5. Nc3 a6 6. a3 Nf6 7. Be2 Bc5 8. Nxc6 bxc6 9. O-O d5 10. exd5 cxd5 11. Bf3 Bb7 12. Qe1 O-O 13. Na4 Bd6 14. Be3 g6 15. Bc5 Bxc5 16. Nxc5 Qc7 17. b4 a5 18. c4 Ba6 19. Nxa6 Rxa6 20. b5 Rb6 21. Qxa5 Nd7 22. cxd5 Qc5 23. Rfc1 Qxb5 24. Qxb5 Rxb5 25. dxe6 fxe6 26. Bc6 Rbf5 27. Bxd7 Rxf2 28. Rc8 1-0

[Event "Elite de Chambly"]
[Site "Chambly CAN"]
[Date "2025.05.21"]
[Round "4.15"]
[White "Capotorto, Michele"]
[Black "Parenteau, Francois"]
[Result "0-1"]
[WhiteElo "934"]
[BlackElo "1768"]
[WhiteFideId "-1"]
[WhiteFideId "-1"]
[PlyCount "46"]
[GameId "2191150457226971"]
[EventDate "2025.04.30"]
[EventType "swiss"]
[EventRounds "7"]
[EventCountry "CAN"]

1. e4 c5 2. Nc3 Nc6 3. Nf3 g6 4. d4 cxd4 5. Nxd4 Bg7 6. Be3 Nf6 7. Bc4 Qa5 8. O-O O-O 9. Qf3 Qb4 10. Rab1 Qxc4 11. Qe2 Qxe2 12. Ncxe2 Nxe4 13. c3 d5 14. b4 e5 15. Nb5 d4 16. cxd4 exd4 17. Bxd4 Nxd4 18. Nexd4 Nd2 19. Rbd1 Nxf1 20. Kxf1 Bd7 21. Nd6 Rfd8 22. Nf3 Bb5+ 23. Kg1 Bf8 0-1